Central Library OPAC University of Rajshahi

Prudentius / (Record no. 86040)

MARC details
000 -LEADER
fixed length control field 00918nam a2200313 a 4500
001 - CONTROL NUMBER
control field 86040
003 - CONTROL NUMBER IDENTIFIER
rucl marc code BD-RjUL
005 - DATE AND TIME OF LATEST TRANSACTION
control field 20251208152842.0
008 - FIXED-LENGTH DATA ELEMENTS--GENERAL INFORMATION
fixed length control field 830202m19491953mau 000 0 eng
035 ## - SYSTEM CONTROL NUMBER
System control number 6487663
System control number (BD-RjUL)86040
040 ## - CATALOGING SOURCE
Original cataloging agency DLC
Transcribing agency CarP
Modifying agency DLC
-- BD-RjUL
Language of cataloging eng
041 ## - LANGUAGE CODE
Language code of text/sound track or separate title eng
082 ## - DEWEY DECIMAL CLASSIFICATION NUMBER
Edition number 23
Classification number 871
Author mark and year PRP 1949
100 1# - MAIN ENTRY--PERSONAL NAME
Personal name Propertius Clemens, Aurelius.
9 (RLIN) 17493
245 10 - TITLE STATEMENT
Title Prudentius /
Statement of responsibility, etc. with an english translation by H. J. Thomson
260 ## - PUBLICATION, DISTRIBUTION, ETC. (IMPRINT)
Place of publication, distribution, etc. Cambridge :
Name of publisher, distributor, etc. Harvard University Press,
Date of publication, distribution, etc. 1949
300 ## - PHYSICAL DESCRIPTION
Pagination 2 v.;
Size 17 cm.
336 ## - CONTENT TYPE
Content type term text
Content type code txt
Source rdacontent
337 ## - MEDIA TYPE
Media type term unmediated
Media type code n
Source rdamedia
338 ## - CARRIER TYPE
Carrier type term volume
Carrier type code nc
Source rdacarrier
505 01 - FORMATTED CONTENTS NOTE
Formatted contents note Vol.1--
650 ## - SUBJECT ADDED ENTRY--TOPICAL TERM
Topical term or geographic name as entry element Christian poetry, Latin
9 (RLIN) 17494
700 ## - ADDED ENTRY--PERSONAL NAME
Personal name Thomson, H. J.
830 #0 - SERIES ADDED ENTRY--UNIFORM TITLE
Uniform title Loeb classical library.
942 ## - ADDED ENTRY ELEMENTS (KOHA)
Source of classification or shelving scheme Dewey Decimal Classification
Koha item type Books
Holdings
Lost status Source of classification or shelving scheme Damaged status Not for loan Collection code Permanent Location Current Location Shelving location Date acquired Source of acquisition Full call number Date last seen Copy number Koha item type
  Dewey Decimal Classification   Not For Loan Fiction Central Library, University of Rajshahi Central Library, University of Rajshahi Reading Room 10/03/1955 Sipkim Marshell 871 PRP V-1 1949 08/12/2025 C-1 Books